| Tag |
First Indicator |
Second Indicator |
Subfields |
| LEADER |
00000cam a22000004a 4500 |
| 001 |
in00004494313 |
| 005 |
20191203130831.0 |
| 008 |
020201s2002 maua b 001 0 eng |
| 010 |
|
|
|a 2002016661
|
| 020 |
|
|
|a 026207236X (alk. paper)
|
| 035 |
|
|
|a (OCoLC)ocm48940847
|
| 035 |
|
|
|z (UtOrBLW)32638
|
| 035 |
|
|
|a 48374
|
| 040 |
|
|
|a DLC
|c DLC
|d C#P
|d VVC
|d UtOrBLW
|
| 042 |
|
|
|a pcc
|
| 049 |
|
|
|a TMVM
|c 1
|
| 050 |
0 |
0 |
|a QP406
|b .L53 2002
|
| 082 |
0 |
0 |
|a 612.8/2
|2 21
|
| 096 |
|
|
|a WL 102
|b L722 2002
|
| 245 |
0 |
0 |
|a Lifespan development of human memory /
|c edited by Peter Graf and Nobuo Ohta.
|
| 264 |
|
1 |
|a Cambridge, Mass. :
|b MIT Press,
|c [2002]
|
| 264 |
|
4 |
|c ©2002
|
| 300 |
|
|
|a viii, 299 pages :
|b illustrations ;
|c 24 cm.
|
| 336 |
|
|
|a text
|2 rdacontent
|b txt
|
| 337 |
|
|
|a unmediated
|2 rdamedia
|
| 338 |
|
|
|a volume
|2 rdacarrier
|b nc
|
| 505 |
0 |
|
|a The need for a lifespan developmental approach within memory research is more urgent than ever / Nobuo Ohta -- Developmental changes in working memory: a multicomponent view / Graham J. Hitch -- Childhood development of working memory: an examination of two basic parameters / Nelson Cowan -- Working memory and attentional processes across the lifespan / Anik De Ribaupierre -- Children's long-term memory of childhood events / Robyn Fivush -- Children's eyewitness memory: changing reports and changing representations / David F. Bjorklund, Rhonda D. Brown, and Barbara R. Bjorklund -- The role of knowledge in children's memory / Hidetsugu Tajika -- Age-related effects on memory in the context of age-related effects on cognition / Timothy A. Salthouse -- Autobiographical memory across the lifespan / David C. Rubin -- Memory development in adulthood and old age: the Betula prospective-cohort study / Lars-Göran Nilsson ... [et al.] -- The nature and course of the memory impairment in Alzheimer's disease / Lars Bc̃kman, Brent J. Small, and Laura Fratiglioni -- Prospective memory across the lifespan / Elisabeth A. Maylor ... [et al.] -- Prospective and retrospective memory in adulthood / Peter Graf, Bob Uttl, and Roger Dixon.
|
| 500 |
|
|
|a "A Bradford book."
|
| 504 |
|
|
|a Includes bibliographical references and indexes.
|
| 650 |
|
2 |
|a Memory.
|
| 650 |
|
2 |
|a Memory Disorders.
|
| 700 |
1 |
|
|a Graf, Peter,
|c PhD.
|
| 700 |
1 |
|
|a Ohta, Nobuo.
|
| 999 |
|
|
|a MARS
|
| 999 |
f |
f |
|s 65de2d6d-9e3e-3aab-9174-7998c1dfa547
|i ad8bda1d-5bdd-3c9b-92ed-205b89628567
|t 0
|
| 952 |
f |
f |
|p ric
|a Texas A&M University
|b Rellis Campus
|c Joint Library Facility
|d Remote Storage
|t 0
|e WL 102 L722 2002
|h National Library of Medicine classification
|i unmediated -- volume
|m 323890171887E
|
| 998 |
f |
f |
|a WL 102 L722 2002
|t 0
|l Remote Storage
|